00329 2200145 4500001002100000005001500021035002000036245004400056100001800100300001100118260002000129082000800149084001400157990001200171INLIS00000000000198420250527081809 a0010-05250002761 a0ppenhelmer & 130 atom /cpaul stratern0 apaul stratern a92 hlm bErlangga,c2003 a600 a600 PAU 0 a0713097